[Event "Glorney Gilbert International 2017 - Gilbert"]
[Site "Daventry, England"]
[Date "2017.07.25"]
[Round "3.8"]
[White "James, Dai"]
[Black "Imperor, Amelie"]
[Result "1-0"]
[BlackElo "1819"]
[WhiteElo "1832"]
[LiveChessVersion "1.4.6"]

1. f4 {[%clk 1:30:55]} d5 {[%clk 1:30:41]} 2. Nf3 {[%clk 1:30:55]} Bg4
{[%clk 1:31:04]} 3. e3 {[%clk 1:30:57]} Nf6 {[%clk 1:31:25]} 4. Be2
{[%clk 1:30:17]} Nbd7 {[%clk 1:31:49]} 5. O-O {[%clk 1:27:34]} c6
{[%clk 1:32:09]} 6. h3 Bxf3 {[%clk 1:32:09]} 7. Bxf3 e5 {[%clk 1:32:09]} 8. d3
Qb6 {[%clk 1:32:09]} 9. fxe5 Nxe5 {[%clk 1:32:09]} 10. d4 {[%clk 0:38:59]} Nc4
{[%clk 1:32:09]} 11. Nd2 {[%clk 0:38:59]} Nd6 {[%clk 1:32:09]} 12. c4
{[%clk 0:38:59]} dxc4 {[%clk 1:32:09]} 13. Qe2 {[%clk 0:38:59]} O-O-O
{[%clk 1:32:09]} 14. Nxc4 {[%clk 0:38:59]} Nxc4 {[%clk 1:32:09]} 15. Qxc4
{[%clk 0:38:59]} Qc7 {[%clk 1:32:09]} 16. e4 c5 {[%clk 1:32:09]} 17. Bf4
{[%clk 0:38:59]} Rxd4 {[%clk 0:27:59]} 18. Qxd4 {[%clk 0:36:34]} Qxf4
{[%clk 0:26:39]} 19. Rac1 {[%clk 0:30:13]} Qd6 {[%clk 0:26:38]} 20. Qxd6
{[%clk 0:28:04]} Bxd6 {[%clk 0:27:06]} 21. e5 {[%clk 0:28:19]} Bxe5
{[%clk 0:25:12]} 22. Rxc5+ {[%clk 0:28:11]} Bc7 {[%clk 0:25:40]} 23. Rfc1
{[%clk 0:28:20]} Ne8 {[%clk 0:26:07]} 24. Bg4+ {[%clk 0:27:16]} Kb8
{[%clk 0:26:13]} 25. Kf1 {[%clk 0:27:43]} b6 {[%clk 0:25:20]} 26. R5c4
{[%clk 0:20:55]} f5 {[%clk 0:25:13]} 27. Bf3 {[%clk 0:17:07]} Rf8
{[%clk 0:23:14]} 28. Rc6 {[%clk 0:08:06]} Rf7 {[%clk 0:17:58]} 29. Re1
{[%clk 0:07:56]} Nd6 {[%clk 0:18:18]} 30. Bd5 {[%clk 0:07:23]} Rd7
{[%clk 0:13:21]} 31. Be6 {[%clk 0:07:17]} Re7 {[%clk 0:12:56]} 32. Bd5
{[%clk 0:07:38]} Ne4 {[%clk 0:11:36]} 33. Bxe4 {[%clk 0:06:53]} fxe4
{[%clk 0:11:53]} 34. Rc4 {[%clk 0:06:58]} e3 {[%clk 0:11:52]} 35. Ke2
{[%clk 0:07:22]} Bg3 {[%clk 0:10:50]} 36. Rd1 {[%clk 0:07:40]} Bf2
{[%clk 0:08:11]} 37. Rd3 {[%clk 0:07:44]} g5 {[%clk 0:04:03]} 38. b3
{[%clk 0:07:00]} h5 {[%clk 0:02:58]} 39. Rd5 {[%clk 0:06:30]} h4 {[%clk 0:03:23]}
40. Rxg5 {[%clk 0:06:11]} Rd7 {[%clk 0:03:51]} 41. Rc2 {[%clk 0:06:13]} Rf7
{[%clk 0:03:58]} 42. Re5 {[%clk 0:05:10]} Bg1 {[%clk 0:02:50]} 43. Re4
{[%clk 0:05:02]} Bf2 {[%clk 0:02:55]} 44. Rc1 {[%clk 0:04:13]} Rg7
{[%clk 0:03:04]} 45. Rg4 {[%clk 0:04:41]} Rd7 {[%clk 0:02:39]} 46. Rc2
{[%clk 0:04:43]} Kb7 {[%clk 0:02:29]} 47. Re4 {[%clk 0:04:22]} Rg7
{[%clk 0:02:10]} 48. Rg4 {[%clk 0:04:33]} Re7 {[%clk 0:02:31]} 49. Rcc4
{[%clk 0:03:58]} Rd7 {[%clk 0:02:03]} 50. Rge4 {[%clk 0:03:44]} Rd2+
{[%clk 0:02:03]} 51. Kf3 {[%clk 0:04:02]} Rxa2 {[%clk 0:01:56]} 52. Re7+
{[%clk 0:04:13]} Ka6 {[%clk 0:02:20]} 53. Ra4+ {[%clk 0:03:29]} Rxa4
{[%clk 0:02:47]} 54. bxa4 {[%clk 0:03:24]} Bg1 {[%clk 0:01:56]} 55. g4
{[%clk 0:03:25]} hxg3 {[%clk 0:02:13]} 56. h4 {[%clk 0:02:45]} b5
{[%clk 0:02:30]} 57. axb5+ {[%clk 0:02:46]} Kxb5 {[%clk 0:02:58]} 58. Rxa7
{[%clk 0:03:01]} e2 {[%clk 0:01:58]} 59. Re7 {[%clk 0:03:13]} Kc5
{[%clk 0:01:57]} 60. Rxe2 {[%clk 0:03:06]} Bd4 {[%clk 0:02:12]} 61. Kxg3
{[%clk 0:03:01]} Kd6 {[%clk 0:02:37]} 62. Kg4 {[%clk 0:03:19]} Be5
{[%clk 0:02:45]} 63. Rxe5 {[%clk 0:03:35]} 1-0

[Event "Glorney Gilbert International 2017 - Gilbert"]
[Site "Daventry, England"]
[Date "2017.07.25"]
[Round "3.9"]
[White "Beda, Salome"]
[Black "Williams, Stephen"]
[Result "0-1"]
[BlackElo "1683"]
[WhiteElo "1786"]
[LiveChessVersion "1.4.6"]

1. e4 {[%clk 1:30:58]} c5 {[%clk 1:30:57]} 2. c3 {[%clk 1:31:18]} g6
{[%clk 1:31:23]} 3. d4 {[%clk 1:31:26]} cxd4 {[%clk 1:31:48]} 4. cxd4
{[%clk 1:31:50]} d5 {[%clk 1:32:10]} 5. e5 {[%clk 1:31:13]} Bg7 {[%clk 1:32:10]}
6. Nc3 {[%clk 1:30:33]} Nh6 {[%clk 1:31:36]} 7. Nf3 {[%clk 1:27:50]} O-O
{[%clk 1:30:10]} 8. Bd3 {[%clk 1:26:44]} Nc6 {[%clk 1:28:36]} 9. O-O
{[%clk 1:24:24]} Bg4 {[%clk 1:27:28]} 10. Be3 {[%clk 1:18:59]} f6
{[%clk 1:21:33]} 11. h3 {[%clk 1:09:42]} Bxf3 {[%clk 1:12:37]} 12. Qxf3
{[%clk 1:10:04]} e6 {[%clk 1:11:04]} 13. exf6 {[%clk 0:57:49]} Rxf6
{[%clk 1:10:16]} 14. Qe2 {[%clk 0:53:56]} Rf7 {[%clk 1:06:57]} 15. Bxh6
{[%clk 0:50:09]} Bxh6 {[%clk 1:01:09]} 16. Qxe6 {[%clk 0:49:54]} Nxd4
{[%clk 1:00:55]} 17. Qxd5 {[%clk 0:49:50]} Qxd5 {[%clk 1:00:06]} 18. Nxd5
{[%clk 0:50:14]} Rc8 {[%clk 0:54:33]} 19. Rad1 {[%clk 0:46:57]} Bg7
{[%clk 0:51:48]} 20. Rc1 {[%clk 0:41:27]} Rd8 {[%clk 0:48:56]} 21. Bc4
{[%clk 0:41:22]} Kh8 {[%clk 0:47:41]} 22. Rfe1 {[%clk 0:40:26]} b5
{[%clk 0:45:46]} 23. Bd3 {[%clk 0:32:33]} Rxd5 {[%clk 0:44:04]} 24. Rc8+
{[%clk 0:32:44]} Rf8 {[%clk 0:41:06]} 25. Ree8 {[%clk 0:30:53]} Kg8
{[%clk 0:38:50]} 26. Rxf8+ {[%clk 0:25:02]} Bxf8 {[%clk 0:39:03]} 27. Be4
{[%clk 0:24:15]} Re5 {[%clk 0:36:26]} 28. f3 {[%clk 0:24:08]} Kg7
{[%clk 0:33:04]} 29. Rc7+ {[%clk 0:24:16]} Re7 {[%clk 0:32:55]} 30. Rc8
{[%clk 0:24:07]} Nf5 {[%clk 0:30:28]} 31. Kf2 {[%clk 0:18:36]} Nd6
{[%clk 0:30:14]} 32. Rb8 {[%clk 0:18:25]} Nxe4+ {[%clk 0:28:39]} 33. fxe4
{[%clk 0:18:50]} Rxe4 {[%clk 0:28:27]} 34. Rxb5 {[%clk 0:19:13]} Rc4
{[%clk 0:27:30]} 35. Kf3 {[%clk 0:16:52]} Bc5 {[%clk 0:27:00]} 36. Rb7+
{[%clk 0:16:56]} Kh6 {[%clk 0:26:54]} 37. Rc7 {[%clk 0:16:57]} Rf4+
{[%clk 0:24:10]} 38. Kxf4 {[%clk 0:14:58]} Bd6+ {[%clk 0:23:52]} 39. Ke4
{[%clk 0:15:10]} Bxc7 {[%clk 0:24:15]} 40. b4 {[%clk 0:14:39]} Kg5
{[%clk 0:22:37]} 41. Kd5 {[%clk 0:12:02]} Kf4 {[%clk 0:21:50]} 42. a4
{[%clk 0:11:14]} Bb6 {[%clk 0:21:51]} 43. a5 {[%clk 0:09:51]} Bg1
{[%clk 0:21:35]} 44. g4 {[%clk 0:04:50]} Kg3 {[%clk 0:21:18]} 45. Ke4
{[%clk 0:04:56]} g5 {[%clk 0:19:49]} 46. b5 {[%clk 0:04:36]} Kxh3
{[%clk 0:18:22]} 47. Kf3 {[%clk 0:03:39]} h6 {[%clk 0:18:43]} 48. a6
{[%clk 0:03:30]} Bb6 {[%clk 0:18:35]} 0-1

[Event "Glorney Gilbert International 2017 - Gilbert"]
[Site "Daventry, England"]
[Date "2017.07.25"]
[Round "4.1"]
[White "Sivarajasingam, Shayanna"]
[Black "Graham, Cassie M"]
[Result "1/2-1/2"]
[BlackElo "1874"]
[WhiteElo "1774"]
[LiveChessVersion "1.4.6"]

1. e4 c5 2. Nf3 d6 3. Bb5+ Bd7 4. Bxd7+ Qxd7 5. c4 Nf6 6. Nc3 g6 7. O-O Bg7 8. d4
cxd4 9. Nxd4 O-O 10. f3 Rc8 11. b3 d5 12. exd5 Nxd5 13. Nxd5 e6 14. Be3 exd5 15.
cxd5 Qxd5 16. Rb1 Rd8 17. Ne2 Nc6 18. Qxd5 Rxd5 19. Nf4 Re5 20. Bf2 Nb4 21. a3
Nd5 22. Nxd5 Rxd5 23. Rfd1 Rad8 24. Rxd5 Rxd5 25. a4 1/2-1/2

[Event "Glorney Gilbert International 2017 - Gilbert"]
[Site "Daventry, England"]
[Date "2017.07.25"]
[Round "4.2"]
[White "Green, Emily"]
[Black "Fraser, Susanna"]
[Result "0-1"]
[BlackElo "1475"]
[WhiteElo "1716"]
[LiveChessVersion "1.4.6"]

1. Nf3 {[%clk 1:30:58]} Nf6 {[%clk 1:30:49]} 2. c4 {[%clk 1:31:22]} e6
{[%clk 1:31:08]} 3. g3 {[%clk 1:31:44]} Be7 {[%clk 1:31:28]} 4. Bg2
{[%clk 1:32:03]} O-O {[%clk 1:31:35]} 5. O-O {[%clk 1:32:20]} d5 {[%clk 1:31:45]}
6. b3 {[%clk 1:32:28]} Nbd7 {[%clk 1:31:37]} 7. Bb2 {[%clk 1:32:35]} Nb6
{[%clk 1:31:45]} 8. d3 {[%clk 1:31:58]} dxc4 {[%clk 1:29:31]} 9. bxc4
{[%clk 1:29:06]} Bd7 {[%clk 1:28:49]} 10. Nbd2 {[%clk 1:27:56]} Ba4
{[%clk 1:27:58]} 11. Nb3 {[%clk 1:27:24]} Nfd7 {[%clk 1:27:01]} 12. Qd2
{[%clk 1:26:20]} Nc5 {[%clk 1:26:34]} 13. Nxc5 {[%clk 1:26:11]} Bxc5
{[%clk 1:26:46]} 14. Qc3 {[%clk 1:25:26]} f6 {[%clk 1:24:05]} 15. d4
{[%clk 1:22:23]} Be7 {[%clk 1:23:04]} 16. Bh3 {[%clk 1:17:29]} Bd7
{[%clk 1:20:29]} 17. Qb3 {[%clk 1:13:10]} c5 {[%clk 1:14:27]} 18. e4
{[%clk 1:01:05]} Na4 {[%clk 1:06:29]} 19. Bxe6+ {[%clk 0:58:15]} Bxe6
{[%clk 1:06:14]} 20. Qxa4 {[%clk 0:58:26]} Bg4 {[%clk 1:05:38]} 21. Qb3
{[%clk 0:53:01]} cxd4 {[%clk 1:01:35]} 22. Nxd4 {[%clk 0:52:21]} Bc5
{[%clk 1:01:44]} 23. Nf3 {[%clk 0:50:50]} Qe7 {[%clk 1:00:56]} 24. Rfe1
{[%clk 0:48:05]} b6 {[%clk 1:00:13]} 25. Kg2 {[%clk 0:44:04]} Qe6
{[%clk 0:57:52]} 26. Ng1 {[%clk 0:41:02]} f5 {[%clk 0:52:56]} 27. exf5
{[%clk 0:35:28]} Qxf5 {[%clk 0:52:53]} 28. f4 {[%clk 0:34:17]} Rad8
{[%clk 0:47:11]} 29. Qc3 {[%clk 0:28:50]} Bd4 {[%clk 0:44:34]} 30. Qb3
{[%clk 0:26:42]} Bc5 {[%clk 0:40:18]} 31. Bc1 {[%clk 0:22:34]} Rd3
{[%clk 0:28:16]} 32. Qa4 {[%clk 0:18:16]} Rc3 {[%clk 0:20:39]} 33. Re5
{[%clk 0:12:09]} Qd3 {[%clk 0:18:44]} 34. Qc6 {[%clk 0:09:27]} Rc2+
{[%clk 0:15:21]} 35. Kh1 {[%clk 0:08:36]} Qf1 {[%clk 0:00:41]} 36. Rxc5
{[%clk 0:08:01]} Qf2 {[%clk 0:00:47]} 37. Qd5+ {[%clk 0:07:25]} Kh8
{[%clk 0:01:09]} 38. Bd2 {[%clk 0:07:41]} Rxd2 {[%clk 0:01:20]} 39. Qxd2
{[%clk 0:07:34]} Qxd2 {[%clk 0:01:45]} 40. Rd5 {[%clk 0:07:53]} Qc2
{[%clk 0:01:57]} 41. Re1 {[%clk 0:08:02]} Qxc4 {[%clk 0:02:15]} 42. Rde5
{[%clk 0:07:59]} Qc6+ {[%clk 0:02:37]} 43. Nf3 {[%clk 0:08:07]} Qxf3+
{[%clk 0:02:59]} 44. Kg1 {[%clk 0:08:25]} h6 {[%clk 0:03:24]} 45. R5e3
{[%clk 0:08:43]} Qd5 {[%clk 0:03:40]} 46. a3 {[%clk 0:08:55]} Qc5
{[%clk 0:03:46]} 47. Kf1 {[%clk 0:09:05]} Bh3+ {[%clk 0:04:01]} 48. Ke2
{[%clk 0:09:14]} Qc2+ {[%clk 0:04:17]} 49. Kf3 {[%clk 0:09:30]} Bg2+
{[%clk 0:04:28]} 50. Kg4 {[%clk 0:09:54]} Qf5+ {[%clk 0:04:48]} 51. Kh4
{[%clk 0:10:15]} Qh3# 0-1

[Event "Glorney Gilbert International 2017 - Gilbert"]
[Site "Daventry, England"]
[Date "2017.07.25"]
[Round "4.4"]
[White "Kalavala, Nayana"]
[Black "Toure, Shanthi"]
[Result "0-1"]
[BlackElo "1885"]
[WhiteElo "1303"]
[LiveChessVersion "1.4.6"]

1. e4 {[%clk 1:30:58]} e5 {[%clk 1:30:42]} 2. Nf3 {[%clk 1:31:23]} Nc6
{[%clk 1:31:04]} 3. Bc4 {[%clk 1:31:47]} Nf6 {[%clk 1:31:02]} 4. d3
{[%clk 1:32:05]} Be7 {[%clk 1:31:22]} 5. Nc3 {[%clk 1:32:19]} d6 {[%clk 1:31:36]}
6. h3 {[%clk 1:32:42]} Na5 {[%clk 1:30:48]} 7. Bb3 {[%clk 1:32:56]} O-O
{[%clk 1:29:48]} 8. O-O {[%clk 1:33:16]} Nxb3 {[%clk 1:28:03]} 9. axb3
{[%clk 1:33:40]} Re8 {[%clk 1:26:52]} 10. Be3 {[%clk 1:33:33]} Bf8
{[%clk 1:26:27]} 11. Rxa7 {[%clk 1:32:44]} Rxa7 {[%clk 1:26:34]} 12. Bxa7
{[%clk 1:33:10]} b6 {[%clk 1:26:44]} 13. Qd2 {[%clk 1:26:58]} Bd7
{[%clk 1:14:37]} 14. Ra1 {[%clk 1:26:18]} h6 {[%clk 1:14:50]} 15. Ne2
{[%clk 1:21:30]} Nh5 {[%clk 1:12:08]} 16. c4 {[%clk 1:19:44]} Qa8
{[%clk 1:05:06]} 17. Qc1 {[%clk 1:19:37]} Qb7 {[%clk 1:05:26]} 18. Ra2
{[%clk 1:13:12]} Ra8 {[%clk 1:05:12]} 19. Qa1 {[%clk 1:13:27]} Qc8
{[%clk 1:05:16]} 20. b4 {[%clk 0:52:54]} Qd8 {[%clk 1:02:46]} 21. Nc1 Qf6 22. Nb3
{[%clk 0:52:14]} Bxh3 {[%clk 0:49:52]} 23. c5 {[%clk 0:36:55]} Qg6
{[%clk 0:44:46]} 24. Qf1 {[%clk 0:34:45]} Nf4 {[%clk 0:33:49]} 25. Ne1
{[%clk 0:33:37]} dxc5 {[%clk 0:33:16]} 26. bxc5 {[%clk 0:32:40]} Be6
{[%clk 0:33:29]} 27. cxb6 {[%clk 0:31:11]} cxb6 {[%clk 0:33:46]} 28. Ra1
{[%clk 0:25:17]} Bxb3 {[%clk 0:34:05]} 29. Nf3 {[%clk 0:25:28]} Bc5
{[%clk 0:32:48]} 30. Nxe5 {[%clk 0:23:37]} Qg5 {[%clk 0:30:50]} 31. Nd7
{[%clk 0:23:33]} Qg4 {[%clk 0:27:17]} 32. Nxc5 {[%clk 0:23:35]} Ne2+
{[%clk 0:27:33]} 33. Qxe2 {[%clk 0:22:27]} Qxe2 {[%clk 0:27:50]} 34. Nxb3
{[%clk 0:22:46]} Qxb2 {[%clk 0:28:09]} 35. Re1 {[%clk 0:20:49]} Qxb3
{[%clk 0:28:30]} 36. Bxb6 {[%clk 0:20:58]} Qxb6 {[%clk 0:28:53]} 37. Rd1
{[%clk 0:21:18]} Qd4 {[%clk 0:29:17]} 38. Kf1 {[%clk 0:21:23]} Ra2
{[%clk 0:29:40]} 39. Kg1 {[%clk 0:21:18]} Qxf2+ {[%clk 0:30:03]} 40. Kh1
{[%clk 0:21:25]} Qxg2# {[%clk 0:30:27]} 0-1

[Event "Glorney Gilbert International 2017 - Gilbert"]
[Site "Daventry, England"]
[Date "2017.07.25"]
[Round "4.5"]
[White "Imperor, Amelie"]
[Black "Govindaraj, Neya"]
[Result "1-0"]
[BlackElo "1318"]
[WhiteElo "1819"]
[LiveChessVersion "1.4.6"]

1. e4 d6 2. d4 g6 3. Nc3 Bg7 4. f4 Nf6 5. Bd3 c5 6. dxc5 dxc5 7. e5 Nfd7 8. Nf3
O-O 9. Qe2 e6 10. Be3 Nc6 11. Ne4 Qa5+ 12. c3 a6 13. O-O Ne7 14. Qf2 Nd5 15. Bd2
Qc7 16. g4 b5 17. Qh4 c4 18. Bc2 Qb6+ 19. Kh1 Bb7 20. g5 Rfd8 21. Nd6 Bc6 22.
Rae1 Ne7 23. Be3 Qc7 24. Kg1 Nf5 25. Bxf5 exf5 26. Nxf7 Kxf7 27. e6+ Kg8 28. exd7
Qxd7 29. Qf2 Bxf3 30. Qxf3 Qd5 31. Kf2 Kf7 32. Rd1 Qxf3+ 33. Kxf3 h6 34. Bb6 Rxd1
35. Rxd1 Re8 36. Bc5 Ke6 37. Rd6+ Kf7 38. gxh6 Bxh6 39. Rxa6 Re1 40. Ra7+ Kf6 41.
Rh7 Rf1+ 42. Kg2 Rxf4 43. Rxh6 Rg4+ 44. Kf3 Ke5 45. Bd4+ Kd5 46. Rh8 Re4 47. Rb8
Kc6 48. Rb6+ Kd5 49. Rxb5+ Ke6 50. Rb6+ Kf7 51. Rf6+ Ke7 52. Rxg6 Re1 53. h4 Ra1
54. h5 Rxa2 55. h6 Ra8 56. h7 Kf7 57. Ra6 Rxa6 58. h8=Q 1-0

[Event "Glorney Gilbert International 2017 - Gilbert"]
[Site "Daventry, England"]
[Date "2017.07.25"]
[Round "4.6"]
[White "Lutchman-Singh, Aishwarya"]
[Black "Beda, Salome"]
[Result "0-1"]
[BlackElo "1786"]
[WhiteElo "1417"]
[LiveChessVersion "1.4.6"]

1. d4 d5 2. Nf3 Nf6 3. Bf4 e6 4. Nbd2 c5 5. e3 Nc6 6. c3 Bd6 7. Bg3 O-O 8. Bd3 c4
9. Bc2 b5 10. e4 Be7 11. e5 Nd7 12. O-O f5 13. exf6 Bxf6 14. Re1 Re8 15. Ne5 Bxe5
16. dxe5 Qg5 17. f4 Qh6 18. Qg4 g6 19. Bh4 Qh5 20. Qxh5 gxh5 21. Bd1 Rf8 22. Bg5
Rf5 23. Bxh5 Nc5 24. Bg4 Rf8 25. Bh6 Nd3 26. Bxf8 Nxe1 27. Rxe1 Kxf8 28. Nf3 Ke7
29. Nd4 Nxd4 30. cxd4 Bd7 31. Re3 Rf8 32. g3 b4 33. Bd1 Be8 34. Bc2 Bg6 35. Bxg6
hxg6 36. Rf3 Rc8 37. h4 c3 38. bxc3 Rxc3 39. Rf2 Rxg3+ 40. Rg2 Rxg2+ 41. Kxg2 a5
42. Kf2 a4 43. Ke2 a3 44. Kd2 b3 0-1

[Event "Glorney Gilbert International 2017 - Gilbert"]
[Site "Daventry, England"]
[Date "2017.07.25"]
[Round "4.7"]
[White "Mirza, Diana"]
[Black "Hegde, Stuthi"]
[Result "1/2-1/2"]
[BlackElo "1499"]
[WhiteElo "1919"]
[LiveChessVersion "1.4.6"]

1. e4 {[%clk 1:30:50]} c5 {[%clk 1:30:53]} 2. c4 {[%clk 1:31:17]} Nc6
{[%clk 1:31:17]} 3. Nc3 {[%clk 1:31:41]} g6 {[%clk 1:30:55]} 4. g3
{[%clk 1:32:06]} Bg7 {[%clk 1:31:16]} 5. Bg2 {[%clk 1:32:27]} d6 {[%clk 1:29:41]}
6. Nge2 {[%clk 1:32:38]} e5 {[%clk 1:28:22]} 7. O-O {[%clk 1:32:56]} Nge7
{[%clk 1:26:42]} 8. d3 {[%clk 1:31:48]} O-O {[%clk 1:25:10]} 9. Be3
{[%clk 1:30:47]} Nd4 {[%clk 1:24:32]} 10. Nd5 {[%clk 1:29:47]} Nxd5
{[%clk 1:19:18]} 11. cxd5 {[%clk 1:28:42]} Rb8 {[%clk 1:17:00]} 12. Qd2
{[%clk 1:23:56]} f5 {[%clk 1:11:28]} 13. Nxd4 {[%clk 1:19:44]} cxd4
{[%clk 1:09:21]} 14. Bg5 {[%clk 1:19:55]} Bf6 {[%clk 1:08:05]} 15. Bh6
{[%clk 1:18:55]} Bg7 {[%clk 1:08:17]} 16. Bxg7 {[%clk 1:19:03]} Kxg7
{[%clk 1:08:33]} 17. f4 {[%clk 1:19:00]} Bd7 {[%clk 1:05:03]} 18. Rac1
{[%clk 1:18:23]} Qb6 {[%clk 1:04:17]} 19. fxe5 {[%clk 1:14:39]} dxe5
{[%clk 1:03:11]} 20. Qg5 {[%clk 1:12:37]} Rf7 {[%clk 0:56:42]} 21. Rf2
{[%clk 1:08:17]} Rc8 {[%clk 0:54:11]} 22. Rcf1 {[%clk 1:04:56]} Rcf8
{[%clk 0:53:12]} 23. h4 {[%clk 1:01:16]} h6 {[%clk 0:50:56]} 24. Qd2
{[%clk 1:01:31]} fxe4 {[%clk 0:48:46]} 25. Rxf7+ {[%clk 0:59:21]} Rxf7
{[%clk 0:48:12]} 26. Rxf7+ {[%clk 0:53:45]} Kxf7 {[%clk 0:48:32]} 27. Bxe4
{[%clk 0:52:01]} Kg7 {[%clk 0:47:46]} 28. Qe2 {[%clk 0:46:05]} Qf6
{[%clk 0:45:40]} 29. Kg2 {[%clk 0:41:03]} Bf5 {[%clk 0:43:56]} 30. g4
{[%clk 0:32:00]} Bxe4+ {[%clk 0:39:36]} 31. Qxe4 {[%clk 0:32:06]} Qd6
{[%clk 0:37:43]} 32. h5 {[%clk 0:28:31]} g5 {[%clk 0:35:49]} 33. Kg3
{[%clk 0:28:06]} Qf6 {[%clk 0:31:13]} 34. Qg6+ {[%clk 0:24:27]} Qxg6
{[%clk 0:30:25]} 35. hxg6 {[%clk 0:24:56]} Kxg6 {[%clk 0:30:30]} 36. Kf3
{[%clk 0:25:22]} Kf7 {[%clk 0:28:47]} 37. Ke4 {[%clk 0:25:22]} Kf6
{[%clk 0:27:44]} 38. d6 {[%clk 0:23:45]} Ke6 {[%clk 0:27:33]} 39. d7
{[%clk 0:24:12]} Kxd7 {[%clk 0:27:43]} 40. Kxe5 {[%clk 0:24:38]} Ke7
{[%clk 0:27:58]} 41. Kxd4 {[%clk 0:24:45]} Kf6 {[%clk 0:27:46]} 42. Ke4
{[%clk 0:23:59]} Kg6 {[%clk 0:27:16]} 43. d4 {[%clk 0:23:41]} h5 {[%clk 0:27:39]}
44. gxh5+ {[%clk 0:23:31]} Kxh5 {[%clk 0:27:55]} 45. d5 {[%clk 0:23:20]} Kg6
{[%clk 0:27:44]} 46. Ke5 {[%clk 0:19:26]} Kf7 {[%clk 0:26:19]} 47. d6 1/2-1/2

[Event "Glorney Gilbert International 2017 - Gilbert"]
[Site "Daventry, England"]
[Date "2017.07.25"]
[Round "4.8"]
[White "Williams, Stephen"]
[Black "Ferguson, Dayna"]
[Result "1/2-1/2"]
[BlackElo "1451"]
[WhiteElo "1683"]
[LiveChessVersion "1.4.6"]

1. d4 {[%clk 1:30:54]} Nf6 {[%clk 1:30:49]} 2. c4 {[%clk 1:31:15]} Nc6
{[%clk 1:31:01]} 3. Nc3 {[%clk 1:30:37]} e5 {[%clk 1:31:14]} 4. d5
{[%clk 1:29:10]} Ne7 {[%clk 1:31:36]} 5. e4 {[%clk 1:29:16]} Ng6 {[%clk 1:31:52]}
6. Bd3 {[%clk 1:28:14]} Bc5 {[%clk 1:31:27]} 7. Nf3 {[%clk 1:28:05]} d6
{[%clk 1:31:08]} 8. h3 {[%clk 1:27:41]} O-O {[%clk 1:30:40]} 9. O-O
{[%clk 1:25:52]} h6 {[%clk 1:29:54]} 10. Na4 {[%clk 1:25:02]} Bb6
{[%clk 1:29:53]} 11. a3 {[%clk 1:24:37]} c5 {[%clk 1:25:40]} 12. b4
{[%clk 1:22:30]} Qc7 {[%clk 1:24:09]} 13. Nxb6 {[%clk 1:22:07]} axb6
{[%clk 1:23:52]} 14. Be3 {[%clk 1:20:47]} Bd7 {[%clk 1:21:45]} 15. Qd2
{[%clk 1:19:59]} Ra7 {[%clk 1:18:07]} 16. Rfc1 {[%clk 1:16:29]} Rfa8
{[%clk 1:15:45]} 17. Qc3 {[%clk 1:15:41]} Ne7 {[%clk 1:12:44]} 18. Nh4
{[%clk 1:10:52]} g5 {[%clk 1:10:18]} 19. Nf5 {[%clk 1:09:14]} Nxf5
{[%clk 1:08:39]} 20. exf5 {[%clk 1:09:31]} Qd8 {[%clk 1:07:41]} 21. f3
{[%clk 1:07:52]} Qe7 {[%clk 1:05:54]} 22. Be4 {[%clk 1:05:22]} Qf8
{[%clk 1:00:30]} 23. g4 {[%clk 1:04:01]} Qg7 {[%clk 1:00:18]} 24. Kg2
{[%clk 1:03:34]} h5 {[%clk 0:59:53]} 25. Rh1 {[%clk 1:02:27]} h4 {[%clk 0:49:18]}
26. Bd3 {[%clk 1:00:23]} Ne8 {[%clk 0:48:29]} 27. Rhc1 {[%clk 0:57:49]} f6
{[%clk 0:48:05]} 28. Rc2 {[%clk 0:54:29]} Ra4 {[%clk 0:46:06]} 29. b5
{[%clk 0:53:22]} Qe7 {[%clk 0:44:02]} 30. Rca2 {[%clk 0:53:13]} Qd8
{[%clk 0:41:50]} 31. Bc2 {[%clk 0:53:17]} R4a5 {[%clk 0:41:55]} 32. a4
{[%clk 0:52:28]} Bc8 {[%clk 0:37:45]} 33. Qe1 {[%clk 0:52:19]} Ng7
{[%clk 0:35:19]} 34. Bd2 {[%clk 0:52:08]} R5a7 {[%clk 0:35:41]} 35. a5
{[%clk 0:49:58]} bxa5 {[%clk 0:34:08]} 36. Rxa5 {[%clk 0:49:50]} Rxa5
{[%clk 0:34:25]} 37. Rxa5 {[%clk 0:47:50]} Rxa5 {[%clk 0:34:47]} 38. Bxa5
{[%clk 0:48:07]} b6 {[%clk 0:35:04]} 39. Bc3 {[%clk 0:45:25]} Bb7
{[%clk 0:31:09]} 40. Qa1 {[%clk 0:44:53]} Qa8 {[%clk 0:31:25]} 41. Ba4
{[%clk 0:44:29]} Ne8 {[%clk 0:29:47]} 42. Bc2 {[%clk 0:38:58]} Qxa1
{[%clk 0:27:56]} 43. Bxa1 {[%clk 0:39:26]} Nc7 {[%clk 0:28:01]} 44. f4
{[%clk 0:39:21]} Ne8 {[%clk 0:18:49]} 45. fxg5 {[%clk 0:37:47]} fxg5
{[%clk 0:19:04]} 46. Bc3 {[%clk 0:37:06]} Kf7 {[%clk 0:19:07]} 47. Bd2
{[%clk 0:36:18]} Kf6 {[%clk 0:19:18]} 48. Kf3 {[%clk 0:36:07]} Nc7
{[%clk 0:17:29]} 49. Ke4 {[%clk 0:33:51]} Ne8 {[%clk 0:17:13]} 50. Kd3
{[%clk 0:33:33]} Nc7 {[%clk 0:16:55]} 51. Ke4 {[%clk 0:30:39]} Ne8
{[%clk 0:16:46]} 52. Bd1 {[%clk 0:31:01]} Ng7 {[%clk 0:16:36]} 53. Bf3
{[%clk 0:30:47]} Bc8 {[%clk 0:16:46]} 54. Ke3 {[%clk 0:29:27]} Bb7
{[%clk 0:14:13]} 55. Be4 {[%clk 0:29:44]} Ne8 {[%clk 0:14:31]} 56. Kd3
{[%clk 0:30:02]} Nc7 {[%clk 0:14:07]} 57. Kc3 {[%clk 0:30:24]} Na8
{[%clk 0:13:52]} 58. Kb3 {[%clk 0:29:39]} Nc7 {[%clk 0:14:08]} 59. Ka4
{[%clk 0:29:44]} Na8 {[%clk 0:14:13]} 1/2-1/2

[Event "Glorney Gilbert International 2017 - Gilbert"]
[Site "Daventry, England"]
[Date "2017.07.26"]
[Round "5.1"]
[White "Graham, Cassie M"]
[Black "Mirza, Diana"]
[Result "0-1"]
[BlackElo "1919"]
[WhiteElo "1874"]
[LiveChessVersion "1.4.6"]

1. e4 {[%clk 1:30:55]} c5 {[%clk 1:30:57]} 2. Nc3 {[%clk 1:31:16]} Nc6
{[%clk 1:31:24]} 3. f4 {[%clk 1:31:34]} g6 {[%clk 1:31:49]} 4. Nf3
{[%clk 1:31:56]} Bg7 {[%clk 1:32:14]} 5. Bc4 {[%clk 1:32:14]} e6 {[%clk 1:32:39]}
6. f5 {[%clk 1:32:41]} Nge7 {[%clk 1:33:04]} 7. fxe6 {[%clk 1:33:05]} dxe6
{[%clk 1:33:29]} 8. d3 {[%clk 1:33:13]} Nd4 {[%clk 1:33:44]} 9. O-O
{[%clk 1:29:46]} Nec6 {[%clk 1:34:07]} 10. Nxd4 {[%clk 1:24:15]} cxd4
{[%clk 1:32:29]} 11. Ne2 {[%clk 1:23:35]} O-O {[%clk 1:31:58]} 12. Ng3 Na5 13.
Bb3 Bd7 14. Bf4 e5 15. Bd2 Nxb3 16. axb3 a5 17. Rf2 b5 18. Qe1 b4 19. c4 bxc3 20.
bxc3 dxc3 21. Bxc3 Qb6 22. Ra3 a4 23. bxa4 Rxa4 24. Rxa4 Bxa4 25. Kf1 Qd6 26. Rf3
Rb8 27. Ne2 Bc2 28. Qd2 Rb1+ 29. Kf2 {[%clk 0:21:14]} Qc5+ {[%clk 0:19:17]} 30.
Kg3 {[%clk 0:20:34]} Bb3 {[%clk 0:18:30]} 31. Nc1 {[%clk 0:15:55]} Be6
{[%clk 0:18:34]} 32. Ne2 {[%clk 0:12:44]} h5 {[%clk 0:17:17]} 33. h3
{[%clk 0:11:17]} Kh7 {[%clk 0:17:31]} 34. Qc2 {[%clk 0:09:57]} Rb7
{[%clk 0:17:30]} 35. Qd1 {[%clk 0:08:19]} Bb3 {[%clk 0:14:21]} 36. Qe1
{[%clk 0:07:18]} Ba2 {[%clk 0:11:44]} 37. Qd2 {[%clk 0:06:48]} Be6
{[%clk 0:11:28]} 38. Qe1 {[%clk 0:05:36]} f5 {[%clk 0:11:11]} 39. Bd2
{[%clk 0:03:34]} f4+ {[%clk 0:11:10]} 40. Kh2 {[%clk 0:03:13]} g5
{[%clk 0:11:08]} 41. Rf1 {[%clk 0:02:57]} Rd7 {[%clk 0:09:32]} 42. Nc1
{[%clk 0:02:34]} Bf6 {[%clk 0:09:14]} 43. g3 {[%clk 0:00:56]} Rb7
{[%clk 0:08:08]} 44. gxf4 {[%clk 0:00:56]} exf4 {[%clk 0:08:27]} 45. Qe2
{[%clk 0:00:46]} Kg6 {[%clk 0:08:37]} 46. Rf2 {[%clk 0:00:32]} Be5
{[%clk 0:08:14]} 47. Kg2 {[%clk 0:00:32]} Rb2 {[%clk 0:08:14]} 48. Qd1
{[%clk 0:00:34]} Bxh3+ {[%clk 0:08:03]} 49. Kg1 Bd4 {[%clk 0:08:18]} 0-1